1-30 - Estadísticas

Estadísticas generales
  • Esta prueba ha sido intentada 98 veces
  • La puntuación promedio es 23 de 30
Estadísticas de respuestas
Respuesta % Correcto
1
100%
2
100%
3
100%
4
100%
5
100%
6
100%
7
98%
8
98%
9
96%
11
92%
10
89%
12
89%
13
85%
14
83%
15
83%
16
83%
17
81%
18
75%
19
75%
21
68%
20
64%
23
62%
24
60%
22
58%
25
55%
26
51%
27
45%
29
45%
28
43%
30
30%
No se encontraron pruebas coincidentes
Distribución de puntuación
Porcentaje de gente con cada puntuación
Porcentaje por número respondido
Historial de tus puntuaciones
No has intentado esta prueba.